Wirtschaft in Zahlen 1975

Gespeichert in:
Bibliographische Detailangaben
Format: Buch
Sprache:Undetermined
Veröffentlicht: Mainz Kohlhammer 1976
Schlagworte:
Tags: Tag hinzufügen
Keine Tags, Fügen Sie den ersten Tag hinzu!
Thư viện lưu trữ: Trung tâm Học liệu Trường Đại học Cần Thơ
LEADER 00457nam a2200181Ia 4500
001 CTU_105308
008 210402s9999 xx 000 0 und d
082 |a 330.943 
082 |b W799 
245 0 |a Wirtschaft in Zahlen 1975 
260 |a Mainz 
260 |b Kohlhammer 
260 |c 1976 
650 |a Germany (west) 
650 |x Economic conditions 
650 |y 1974-1990 
904 |i Năm 
980 |a Trung tâm Học liệu Trường Đại học Cần Thơ